000 01418nam a2200289 c 4500
003 BLK
005 20180420220251.0
008 180407b bul|||||r ||||||| ||bul||
010 _aKNG00031608000
020 _a954-8981-01-7
_bиздат.: Нова звезда
040 _aBLK
041 _aBUL
_cBUL
080 _aСпециална част на наказателното право. Видове наказуеми действия - Срещу собствена или чужда държава и управлението, политически престъпления,геноцид(прав.аспекти), наркотрафик, против мира, обществен
_b343.3/.7
_x(075.8)
_z343.3/.7(075.8)
100 1 _aВладимиров, Румен Петров
_eпърви автор
_9270045
139 _aВладимиров, Румен Петров
_bВ 70
245 1 0 _aСъучастие при усложнена престъпна дейност
_bУч. за студенти от РУ А. Кънчев - Русе
_cРумен Петров Владимиров.
257 _aBGR
260 Русе
_bНова звезда
_c1996
300 _a302 с.
_c20 см
380 _a3
500 _aДеп. списък: покупка
852 _aЦб 189130
856 4 _qpdf
_u
856 4 _qpdf
_u
942 _cKNG
_n0
944 _aCR
_c15.01.2003
_kКети_Илиева
944 _aED
_c05.07.2006
_k
999 _c29000
_d29000